| 000 | 01026nam a2200265Ia 4500 | ||
|---|---|---|---|
| 003 | OSt | ||
| 005 | 20221005103909.0 | ||
| 006 | a|||||r|||| 00| 0 | ||
| 007 | ta | ||
| 008 | 221004b |||||||| |||| 00| 0 hin d | ||
| 020 |
_a9788188790548 (hbk) _c390 |
||
| 024 | _a15894 | ||
| 037 |
_bBL172, 07/01/2015, K. K. Publications _cTextual |
||
| 040 |
_aCRL _cCRL _bhin |
||
| 041 |
_2hin _ahin |
||
| 082 | _aO152,1NKHx, Q2 | ||
| 100 |
_aखान, अब्बास, ‘संगदिल’ _9623707 |
||
| 245 | 0 |
_aमन के मौसम _b गीत - ग़ज़ल संग्रह |
|
| 246 | _aMan ke mausama: gīt - ग़ज़l sangraha | ||
| 260 |
_aदिल्ली _bकल्पना प्रकाशन भारत _c2011 |
||
| 300 |
_a103पृ0 _ccm. |
||
| 650 | _aहिन्दी साहित्य | ||
| 942 |
_hO152,1NKHx, Q2 _cTEXL _2cc |
||
| 999 |
_c1011196 _d1011196 |
||